| 000 | 00491nam a22001577a 4500 | ||
|---|---|---|---|
| 003 | SISC | ||
| 005 | 20160728143822.0 | ||
| 008 | 160728b xxu||||| |||| 00| 0 eng d | ||
| 020 | _a9789718172001 | ||
| 050 |
_aQA 152.2 _b.T649 2015 |
||
| 100 | _aTolentino, Romeo Q. | ||
| 245 |
_aSolved problems and worksheets in algebra 2 / _cRomeo Q. Tolentino, Delia S. Fainsan. |
||
| 260 |
_aManila : _bBooklore Publishing, _c2015. |
||
| 300 |
_a193 pages : _billustrations ; _c26 cm. |
||
| 942 |
_2lcc _cBK |
||
| 999 |
_c298070 _d298070 |
||